Detalles MARC
| 000 -ENCABEZADO |
| Número de control [NR] |
02857nam a22003977i 4500 |
| 001 - NÚMERO DE CONTROL |
| control field |
B-12633 |
| 003 - IDENTIFICADOR DE CONTROL NÚMERO |
| control field |
CO-BoFNCP |
| 007 - CAMPO DESCRIPCIÓN FÍSICA FIJA - INFORMACIÓN GENERAL |
| fixed length control field |
t|| |
| 008 - DE LONGITUD FIJA DE DATOS DE ELEMENTOS - INFORMACIÓN GENERAL |
| Elementos de longitud fija [NR] |
091013s2009 my r eng d |
| 040 ## - FUENTE DE CATALOGACION [NR] |
| Agencia de catalogación original [NR] |
CO-BoFNCP |
| Idioma de catalogación [NR] |
Español |
| Quien Cataloga |
CO-BoFNCP |
| Convenciones de la descripción [NR] |
rda |
| 041 ## - CODIGO DE IDIOMA [R] |
| Código de idioma para texto/pista de sonido o título separado [R] |
Inglés |
| 043 ## - CODIGO DE AREA GEOGRAFICA [NR] |
| Código de área geográfica [R] |
my |
| 084 ## - OTRO NUMERO DE CLASIFICACION [R] |
| Número clasificador [R] |
A- |
| 100 1# - ASIENTO PRINCIPAL--NOMBRE PERSONAL [NR] |
| Nombre personal [NR] |
Hanold, D., |
| Término relacionador [R] |
autor. |
| Relator code |
aut |
| ID Autoridad |
38022 |
| 245 00 - MENCION DE TITULO [NR] |
| Título [NR] |
Coconut Cadang-Cadang viroid infection of african oil palm. |
| 264 #4 - PRODUCCIÓN, PUBLICACIÓN, DISTRIBUCIÓN, FABRICACIÓN Y COPYRIGHT |
| Fecha de producción, publicación, distribución, fabricación o copyright |
©2009 |
| 300 ## - DESCRIPCION FISICA [R] |
| Extensión [R] |
páginas 93-101 : |
| Otros detalles físicos [NR] |
Gráficos, fotografías. |
| 336 ## - TIPO DE CONTENIDO |
| Término de tipo de contenido |
texto |
| Código de tipo de contenido |
txt |
| Fuente |
rdacontent |
| 337 ## - TIPO DE MEDIO |
| Nombre/término del tipo de medio |
sin mediación |
| Código del tipo de medio |
n |
| Fuente |
rdamedia |
| 338 ## - TIPO DE SOPORTE |
| Nombre/término del tipo de soporte |
volumen |
| Código del tipo de soporte |
nc |
| Fuente |
rdacarrier |
| 504 ## - NOTA DE BIBLIOGRAFIA, ETC. [R] |
| Nota de bibliografía, etc. [NR] |
Incluye referencias bibliográficas. |
| 520 ## - NOTA DE RESUMEN, ETC. [R] |
| Nota de sumario, etc. [NR] |
Cadang-Cadang is an uncontrollable quarantinable lethal disease reported to have killed over 40 million coconut palms in the Central Philippines since first being described in 1914. It spreads naturally by unknown means, attempts at eradication have never been succesful, and in the absence of genetic resistance, it is managed only by removal of affected palms and replanting. Extraction, fractionation, physical characterisation, expression of symptoms in inoculated coconut seedlings, recovery of viroid, and sequencing, have confirmed that Coconut cadang-cadang viroid (CCCVd; Cocadviroid, Pospiviroidae) is the causal agent of cadang-cadang disease. CCCVd has been detected in oil palm plantations derived from DxP hybrids in Oceania and SE Asia. There is a close association between the detection of the viroid and the presence of a specific type of orange spotting (OS) of oil palm leaflets. Oil palms containing CCCVd and showing OS are markedly stunted, and there is evidence for horizontal and vertical spread of the viroid and OS in commercial plantations. Viroid molecules isolated from a Malaysian oil palm have been shown to be closely related in sequence and structure to type CCCVd isolates. Scaling up of the detection and sequencing of the oil palm viroid molecules is needed to study their incidence, transmission, spread, pathogenicity, replication and host response to infection. Viroids are molecular plant pathogens which cause economic losses in many species. The oil palm industry needs to determinate the effect of viroid infection on yield and quality, and to evaluate the benefits of excluding infected germplasm from the future oil palm plantations. |
| 650 #0 - ASIENTO SECUNDARIO DE MATERIA - TERMINO TEMATICO [R] |
| Término temático o nombre geográfico como elemento de entrada [NR] |
Enfermedades de las plantas. |
| 9 (RLIN) |
9341 |
| 650 #0 - ASIENTO SECUNDARIO DE MATERIA - TERMINO TEMATICO [R] |
| Término temático o nombre geográfico como elemento de entrada [NR] |
Malaysia |
| 9 (RLIN) |
33575. |
| 650 #0 - ASIENTO SECUNDARIO DE MATERIA - TERMINO TEMATICO [R] |
| Término temático o nombre geográfico como elemento de entrada [NR] |
Palma de coco |
| 9 (RLIN) |
40119. |
| 650 #0 - ASIENTO SECUNDARIO DE MATERIA - TERMINO TEMATICO [R] |
| Término temático o nombre geográfico como elemento de entrada [NR] |
Palma de aceite |
| 9 (RLIN) |
37678. |
| 651 #0 - ASIENTO SECUNDARIO DE MATERIA - NOMBRE GEOGRAFICO [R] |
| 9 (RLIN) |
10664 |
| Nombre geográfico [NR] |
Filipinas. |
| 651 #0 - ASIENTO SECUNDARIO DE MATERIA - NOMBRE GEOGRAFICO [R] |
| Nombre geográfico [NR] |
Malaysia |
| 9 (RLIN) |
33575. |
| 700 1# - ASIENTO SECUNDARIO - NOMBRE PERSONAL [R] |
| Nombre personal [NR] |
Randles, J. W. |
| 9 (RLIN) |
38023. |
| 700 1# - ASIENTO SECUNDARIO - NOMBRE PERSONAL [R] |
| Nombre personal [NR] |
Rodríguez, J. M. B. |
| 9 (RLIN) |
41887. |
| 700 1# - ASIENTO SECUNDARIO - NOMBRE PERSONAL [R] |
| Nombre personal [NR] |
Vadamalai, G. |
| 9 (RLIN) |
41888. |
| 773 0# - ASIENTO DEL ITEM FUENTE [R] |
| Asiento principal [NR] |
The Planter (Malasia) |
| Información sobre la relación [R] |
v. 85, no. 995 (2009), p.93-101 |
| Número de control del registro [R] |
A- |
| Número Internacional Normalizado para Publicaciones Seriadas - ISSN [NR] |
0126-575x |
| 942 ## - ELEMENTOS DE ENTRADA AGREGADOS (KOHA) |
| Sistema de clasificación |
Local |
| Tipo de ítem principal el descrito en 300a |
Artículo |
| 999 ## - NÚMEROS DE SISTEMAS DE CONTROL (KOHA) |
| Koha biblionumber |
26605 |
| 999 ## - NÚMEROS DE SISTEMAS DE CONTROL (KOHA) |
| Registro cosechable |
Si |